[Event "Olomouc Chess Summer 2022 - C"]
[Site "Olomouc (CZE), Hotel Flora"]
[Date "2022.08.16"]
[Round "5"]
[Board "2"]
[White "Al-Ali, Hussein Ali Hussein"]
[Black "Marek, Matyas"]
[Result "1/2-1/2"]
[WhiteElo "2235"]
[BlackElo "2353"]
[PlyCount "0"]
[EventDate "2022.08.13"]
[EventRounds "9"]
[EventCountry "CZE"]

1. e4 {[%clk 1:30:57]} e5 {[%clk 1:30:55]} 2. Nf3 {[%clk 1:31:19]} Nf6
{[%clk 1:31:19]} 3. Nc3 {[%clk 1:31:40]} Bb4 {[%clk 1:31:44]} 4. a3
{[%clk 1:31:17]} Bxc3 {[%clk 1:31:33]} 5. dxc3 {[%clk 1:31:41]} d6
{[%clk 1:31:58]} 6. Nd2 {[%clk 1:31:26]} Be6 {[%clk 1:30:28]} 7. c4
{[%clk 1:26:47]} Nbd7 {[%clk 1:28:29]} 8. c3 {[%clk 1:21:03]} O-O
{[%clk 1:25:04]} 9. Be2 {[%clk 1:21:19]} a5 {[%clk 1:24:26]} 10. a4
{[%clk 1:21:33]} Nc5 {[%clk 1:21:43]} 11. Qc2 {[%clk 1:21:02]} Qd7
{[%clk 1:21:37]} 12. O-O {[%clk 1:20:35]} Qc6 {[%clk 1:21:21]} 13. Bf3
{[%clk 1:12:48]} Qb6 {[%clk 1:15:44]} 14. Rb1 {[%clk 1:08:36]} Nfd7
{[%clk 1:14:05]} 15. b4 {[%clk 1:00:21]}  1/2-1/2

[Event "Olomouc Chess Summer 2022 - C"]
[Site "Olomouc (CZE), Hotel Flora"]
[Date "2022.08.17"]
[Round "6"]
[Board "1"]
[White "Marek, Matyas"]
[Black "Muzika, Paul"]
[Result "1/2-1/2"]
[WhiteElo "2353"]
[BlackElo "2095"]
[PlyCount "0"]
[EventDate "2022.08.13"]
[EventRounds "9"]
[EventCountry "CZE"]

1. Nf3 {[%clk 1:30:56]} d5 {[%clk 1:30:41]} 2. g3 {[%clk 1:31:20]} Nf6
{[%clk 1:31:06]} 3. Bg2 {[%clk 1:31:48]} e6 {[%clk 1:31:27]} 4. O-O
{[%clk 1:32:11]} Be7 {[%clk 1:31:53]} 5. d3 {[%clk 1:32:38]} O-O {[%clk 1:32:15]}
6. Nbd2 {[%clk 1:33:06]} Nc6 {[%clk 1:32:05]} 7. e4 {[%clk 1:33:25]} dxe4
{[%clk 1:32:27]} 8. dxe4 {[%clk 1:33:51]} e5 {[%clk 1:32:49]} 9. c3
{[%clk 1:33:21]} a5 {[%clk 1:32:59]} 10. Qc2 {[%clk 1:32:47]} Be6
{[%clk 1:33:18]} 11. a4 {[%clk 1:30:54]} Nd7 {[%clk 1:25:54]} 12. b3
{[%clk 1:23:55]} Qe8 {[%clk 1:16:36]} 13. Re1 {[%clk 1:16:46]} f6
{[%clk 1:15:55]} 14. Bf1 {[%clk 1:02:50]} Nb6 {[%clk 1:07:10]} 15. Nh4
{[%clk 1:00:00]} Qf7 {[%clk 1:05:28]} 16. Nf5 {[%clk 0:58:58]} Bc5
{[%clk 0:59:49]} 17. Rb1 {[%clk 0:57:52]} Kh8 {[%clk 0:54:16]} 18. Nf3
{[%clk 0:52:16]} g6 {[%clk 0:48:00]} 19. Ne3 {[%clk 0:51:51]} Be7
{[%clk 0:44:14]} 20. Nd2 {[%clk 0:41:52]} Rfd8 {[%clk 0:41:36]} 21. Ndc4
{[%clk 0:36:03]} Nxc4 {[%clk 0:41:33]} 22. Bxc4 {[%clk 0:36:13]} Bxc4
{[%clk 0:41:48]} 23. Nxc4 {[%clk 0:36:39]} Bc5 {[%clk 0:41:19]} 24. Be3
{[%clk 0:36:04]} Bxe3 {[%clk 0:41:24]} 25. Nxe3 {[%clk 0:36:33]} Rd7
{[%clk 0:40:57]} 26. Rbd1 {[%clk 0:36:29]} Rad8 {[%clk 0:27:01]} 27. Rxd7
{[%clk 0:33:53]} Rxd7 {[%clk 0:26:21]} 28. Rd1 {[%clk 0:33:24]} Qe7
{[%clk 0:25:49]} 29. Rd5 {[%clk 0:32:08]} Rxd5 {[%clk 0:25:34]} 30. exd5
{[%clk 0:30:42]} Nd8 {[%clk 0:26:00]} 31. Qd3 {[%clk 0:29:20]} Qd7
{[%clk 0:24:00]} 32. Qc4 {[%clk 0:26:46]} b6 {[%clk 0:20:07]} 33. b4
{[%clk 0:24:59]} Nb7 {[%clk 0:20:25]} 34. Qa6 {[%clk 0:22:48]} Nd6
{[%clk 0:19:58]} 35. bxa5 {[%clk 0:17:51]} Qxa4 {[%clk 0:19:39]} 36. Qa8+
{[%clk 0:18:13]} Kg7 {[%clk 0:17:14]} 37. a6 {[%clk 0:17:18]} f5 {[%clk 0:17:31]}
38. a7 {[%clk 0:12:28]} f4 {[%clk 0:17:29]} 39. Nf1 {[%clk 0:10:57]} Qa2
{[%clk 0:07:29]} 40. Qb8 {[%clk 0:00:37]} Ne4 {[%clk 0:07:49]} 41. Qxc7+
{[%clk 0:30:50]} Kh6 {[%clk 0:38:39]} 42. Qxb6 {[%clk 0:30:18]} Ng5
{[%clk 0:32:39]} 43. Qc5 {[%clk 0:15:13]} Nf3+ {[%clk 0:19:55]} 44. Kg2
{[%clk 0:15:14]} Ne1+ {[%clk 0:20:12]} 45. Kg1 {[%clk 0:13:41]} Nf3+
{[%clk 0:15:06]} 46. Kg2 {[%clk 0:13:05]} Ne1+ {[%clk 0:15:19]} 47. Kg1
{[%clk 0:00:59]}  1/2-1/2

[Event "Olomouc Chess Summer 2022 - C"]
[Site "Olomouc (CZE), Hotel Flora"]
[Date "2022.08.17"]
[Round "6"]
[Board "3"]
[White "Houska, Jiri"]
[Black "Soban, Jaroslav"]
[Result "1-0"]
[WhiteElo "2220"]
[BlackElo "2101"]
[PlyCount "0"]
[EventDate "2022.08.13"]
[EventRounds "9"]
[EventCountry "CZE"]

1. e4 {[%clk 1:30:24]} c5 {[%clk 1:30:52]} 2. Nf3 {[%clk 1:30:51]} e6
{[%clk 1:31:15]} 3. d4 {[%clk 1:31:12]} cxd4 {[%clk 1:31:39]} 4. Nxd4
{[%clk 1:31:38]} Nf6 {[%clk 1:32:02]} 5. Nc3 {[%clk 1:31:54]} Nc6
{[%clk 1:32:24]} 6. Ndb5 {[%clk 1:31:38]} Bb4 {[%clk 1:32:34]} 7. a3
{[%clk 1:31:55]} Bxc3+ {[%clk 1:32:57]} 8. Nxc3 {[%clk 1:32:19]} d5
{[%clk 1:33:02]} 9. Bd3 {[%clk 1:30:52]} dxe4 {[%clk 1:27:10]} 10. Nxe4
{[%clk 1:31:08]} Nxe4 {[%clk 1:27:13]} 11. Bxe4 {[%clk 1:31:30]} Qxd1+
{[%clk 1:25:41]} 12. Kxd1 {[%clk 1:31:58]} f5 {[%clk 1:24:50]} 13. Bxc6+
{[%clk 1:24:06]} bxc6 {[%clk 1:24:55]} 14. c4 {[%clk 1:21:37]} a5
{[%clk 1:12:38]} 15. a4 {[%clk 1:19:20]} Kf7 {[%clk 1:12:22]} 16. Kc2
{[%clk 1:18:55]} Rd8 {[%clk 1:09:11]} 17. Be3 {[%clk 1:10:53]} Rb8
{[%clk 1:03:09]} 18. Rhd1 {[%clk 1:09:28]} Rd7 {[%clk 1:02:17]} 19. Rxd7+
{[%clk 1:09:33]} Bxd7 {[%clk 1:02:46]} 20. Bd2 {[%clk 1:01:37]} Ra8
{[%clk 1:02:47]} 21. Re1 {[%clk 1:01:47]} Ke7 {[%clk 0:59:45]} 22. Re5
{[%clk 0:56:26]} Kd6 {[%clk 0:59:10]} 23. Bf4 {[%clk 0:47:47]} Ke7
{[%clk 0:59:10]} 24. b3 {[%clk 0:45:40]} g6 {[%clk 0:52:21]} 25. Bd2
{[%clk 0:42:13]} Kd6 {[%clk 0:52:45]} 26. Bf4 {[%clk 0:40:49]} Ke7
{[%clk 0:53:14]} 27. Rc5 {[%clk 0:38:59]} Ra7 {[%clk 0:50:37]} 28. Bb8
{[%clk 0:38:52]} Rb7 {[%clk 0:50:23]} 29. Be5 {[%clk 0:39:15]} Ra7
{[%clk 0:50:32]} 30. f4 {[%clk 0:38:07]} Be8 {[%clk 0:45:07]} 31. g3
{[%clk 0:38:12]} Bd7 {[%clk 0:42:24]} 32. Bd4 {[%clk 0:35:31]} Ra6
{[%clk 0:40:29]} 33. Be5 {[%clk 0:29:15]} Ra7 {[%clk 0:40:13]} 34. h4
{[%clk 0:29:02]} Be8 {[%clk 0:38:37]} 35. Bc3 {[%clk 0:28:31]} Kd6
{[%clk 0:38:39]} 36. Rxa5 {[%clk 0:26:38]} Rxa5 {[%clk 0:39:06]} 37. Bxa5
{[%clk 0:27:07]} c5 {[%clk 0:37:47]} 38. Bb6 {[%clk 0:25:05]} Bc6
{[%clk 0:30:20]} 39. Kc3 {[%clk 0:25:12]} Bb7 {[%clk 0:28:09]} 40. Ba7
{[%clk 0:24:43]} Bc6 {[%clk 0:08:18]} 41. Bxc5+ {[%clk 0:05:12]} Kxc5
{[%clk 0:07:46]} 42. b4+ {[%clk 0:05:38]} Kb6 {[%clk 0:27:39]} 43. b5
{[%clk 0:32:31]} Be8 {[%clk 0:24:51]} 44. Kb4 {[%clk 0:32:45]} h5
{[%clk 0:13:20]} 45. c5+ {[%clk 0:15:46]} Kc7 {[%clk 0:13:10]} 46. c6
{[%clk 0:15:59]} e5 {[%clk 0:11:00]} 47. Kc5 {[%clk 0:08:15]} e4 {[%clk 0:08:35]}
48. b6+ {[%clk 0:08:44]} Kb8 {[%clk 0:07:28]} 49. a5 {[%clk 0:08:11]} e3
{[%clk 0:04:30]} 50. a6 {[%clk 0:08:21]} e2 {[%clk 0:01:57]} 51. c7+
{[%clk 0:08:01]} Kc8 {[%clk 0:02:21]} 52. Kd6 {[%clk 0:05:46]} e1=Q
{[%clk 0:02:09]} 53. b7# {[%clk 0:05:38]}  1-0

[Event "Olomouc Chess Summer 2022 - C"]
[Site "Olomouc (CZE), Hotel Flora"]
[Date "2022.08.17"]
[Round "6"]
[Board "4"]
[White "Cagasik, Tomas"]
[Black "Jordanov, Mihail"]
[Result "0-1"]
[WhiteElo "2143"]
[BlackElo "2094"]
[PlyCount "0"]
[EventDate "2022.08.13"]
[EventRounds "9"]
[EventCountry "CZE"]

1. Nf3 {[%clk 1:21:02]} Nf6 {[%clk 1:28:58]} 2. b3 {[%clk 1:21:16]} d6
{[%clk 1:25:45]} 3. d4 {[%clk 1:21:38]} c6 {[%clk 1:25:57]} 4. Bb2
{[%clk 1:20:59]} d5 {[%clk 1:25:18]} 5. e3 {[%clk 1:20:43]} Bf5 {[%clk 1:23:01]}
6. Bd3 {[%clk 1:20:39]} e6 {[%clk 1:21:13]} 7. Ne5 {[%clk 1:19:45]} Bd6
{[%clk 1:18:54]} 8. Nd2 {[%clk 1:11:36]} Nbd7 {[%clk 1:11:00]} 9. g4
{[%clk 1:07:41]} Bxd3 {[%clk 1:04:17]} 10. cxd3 {[%clk 1:05:02]} Qc7 11. f4
{[%clk 1:03:11]} Ng8 {[%clk 0:49:07]} 12. g5 {[%clk 0:56:32]} Ne7
{[%clk 0:38:27]} 13. h4 {[%clk 0:46:37]} h6 {[%clk 0:26:37]} 14. Qf3
{[%clk 0:43:59]} Nxe5 {[%clk 0:22:56]} 15. dxe5 {[%clk 0:36:51]} Bc5
{[%clk 0:21:38]} 16. e4 {[%clk 0:31:02]} O-O-O {[%clk 0:19:32]} 17. a3
{[%clk 0:26:33]} Qb6 {[%clk 0:14:05]} 18. exd5 {[%clk 0:25:18]} Nxd5
{[%clk 0:11:01]} 19. b4 {[%clk 0:24:59]} Ne3 {[%clk 0:08:12]} 20. Ke2
{[%clk 0:23:24]} Qb5 {[%clk 0:07:04]} 21. Qe4 {[%clk 0:23:31]} Nc2
{[%clk 0:05:19]} 22. Qc4 {[%clk 0:11:08]} Nxa1 {[%clk 0:03:53]} 23. Qxb5
{[%clk 0:11:08]} cxb5 {[%clk 0:04:21]} 24. bxc5 {[%clk 0:11:27]} Nc2
{[%clk 0:04:34]} 25. Ne4 {[%clk 0:09:58]} Nd4+ {[%clk 0:04:11]} 26. Bxd4
{[%clk 0:10:20]} Rxd4 {[%clk 0:04:40]} 27. Nd6+ {[%clk 0:10:39]} Kd7
{[%clk 0:04:55]} 28. Ke3 {[%clk 0:09:26]} Ra4 {[%clk 0:05:03]} 29. gxh6
{[%clk 0:05:51]} gxh6 {[%clk 0:01:38]} 30. Nxb5 {[%clk 0:03:54]} Rg8 31. Kf3 Kc6
{[%clk 0:01:15]} 32. Nd6 {[%clk 0:03:26]} Rxa3 {[%clk 0:01:35]} 33. Nxf7
{[%clk 0:02:48]} Rxd3+ {[%clk 0:01:36]} 34. Ke4 {[%clk 0:02:17]} Rgg3
{[%clk 0:01:43]} 35. Re1 {[%clk 0:02:39]} Kxc5 {[%clk 0:01:31]} 36. Rc1+
{[%clk 0:03:04]} Kb6 {[%clk 0:01:10]} 37. Re1 {[%clk 0:02:57]} Rb3
{[%clk 0:00:59]} 38. Rd1 {[%clk 0:02:52]} Kc5 {[%clk 0:00:58]} 39. Rc1+
{[%clk 0:03:15]} Kb6 {[%clk 0:01:17]} 40. Rd1 {[%clk 0:03:43]} Rb4+
{[%clk 0:00:58]} 41. Rd4 {[%clk 0:04:10]} Rxd4+ {[%clk 0:29:43]} 42. Kxd4
{[%clk 0:35:25]} Rg4 {[%clk 0:30:03]} 43. Ke4 {[%clk 0:35:31]} Kc7
{[%clk 0:29:46]} 44. h5 {[%clk 0:33:29]} Rh4 {[%clk 0:29:00]} 45. Nxh6
{[%clk 0:33:26]} Rxh5 {[%clk 0:29:19]} 46. Nf7 {[%clk 0:32:47]} a5
{[%clk 0:29:24]}  0-1

[Event "Olomouc Chess Summer 2022 - C"]
[Site "Olomouc (CZE), Hotel Flora"]
[Date "2022.08.18"]
[Round "7"]
[Board "4"]
[White "Soban, Jaroslav"]
[Black "Marek, Matyas"]
[Result "1/2-1/2"]
[WhiteElo "2101"]
[BlackElo "2353"]
[PlyCount "0"]
[EventDate "2022.08.13"]
[EventRounds "9"]
[EventCountry "CZE"]

1. c4 {[%clk 1:30:54]} c5 {[%clk 1:30:56]} 2. g3 {[%clk 1:31:07]} Nc6
{[%clk 1:31:21]} 3. Bg2 {[%clk 1:31:31]} g6 {[%clk 1:31:47]} 4. Nc3
{[%clk 1:31:52]} Bg7 {[%clk 1:32:12]} 5. e4 {[%clk 1:31:48]} d6 {[%clk 1:32:21]}
6. d3 {[%clk 1:31:57]} a6 {[%clk 1:32:33]} 7. Nge2 {[%clk 1:31:55]} Bg4
{[%clk 1:32:16]} 8. h3 {[%clk 1:31:21]} Bxe2 {[%clk 1:32:38]} 9. Nxe2
{[%clk 1:31:42]} e6 {[%clk 1:32:25]} 10. O-O {[%clk 1:31:03]} Nge7
{[%clk 1:32:34]} 11. Be3 {[%clk 1:25:39]} Qb6 {[%clk 1:27:32]} 12. Rb1
{[%clk 1:24:01]} a5 {[%clk 1:27:23]} 13. b3 {[%clk 1:21:04]} O-O {[%clk 1:25:43]}
14. Qd2 {[%clk 1:09:50]} Rfe8 {[%clk 1:22:43]} 15. a3 {[%clk 0:59:30]} Rad8
{[%clk 1:06:22]} 16. Rfc1 {[%clk 0:53:21]} Rd7 {[%clk 1:04:10]} 17. f4
{[%clk 0:48:10]} Ra8 {[%clk 0:49:52]} 18. Kh2 {[%clk 0:43:36]} Re8
{[%clk 0:44:58]} 19. Bg1 {[%clk 0:41:02]} h6 {[%clk 0:43:33]} 20. Be3
{[%clk 0:39:57]} Kh7 {[%clk 0:43:46]} 21. Bg1 {[%clk 0:39:51]} Kg8
{[%clk 0:42:34]} 22. Be3 {[%clk 0:40:07]} Kh7 {[%clk 0:42:27]}  1/2-1/2

[Event "Olomouc Chess Summer 2022 - C"]
[Site "Olomouc (CZE), Hotel Flora"]
[Date "2022.08.18"]
[Round "7"]
[Board "5"]
[White "Lehmann, Christoph"]
[Black "Cagasik, Tomas"]
[Result "1/2-1/2"]
[WhiteElo "1916"]
[BlackElo "2143"]
[PlyCount "0"]
[EventDate "2022.08.13"]
[EventRounds "9"]
[EventCountry "CZE"]

1. d4 {[%clk 1:30:57]} Nf6 {[%clk 1:30:48]} 2. Bg5 {[%clk 1:30:44]} e6
{[%clk 1:30:22]} 3. e4 {[%clk 1:31:06]} h6 {[%clk 1:30:07]} 4. Bxf6
{[%clk 1:31:23]} Qxf6 {[%clk 1:30:22]} 5. c3 {[%clk 1:31:34]} e5 {[%clk 1:28:08]}
6. Nf3 {[%clk 1:29:23]} Nc6 {[%clk 1:27:56]} 7. Bb5 {[%clk 1:24:45]} Bd6
{[%clk 1:09:09]} 8. O-O {[%clk 1:15:56]} O-O {[%clk 1:08:55]} 9. Re1
{[%clk 1:08:58]} a6 {[%clk 1:00:55]} 10. Bf1 {[%clk 1:00:34]} exd4
{[%clk 0:55:23]} 11. cxd4 {[%clk 0:59:28]} Bb4 {[%clk 0:55:36]} 12. Nc3
{[%clk 0:57:35]} Bxc3 {[%clk 0:50:46]} 13. bxc3 {[%clk 0:57:33]} d6
{[%clk 0:50:56]} 14. Rb1 {[%clk 0:51:10]} b6 {[%clk 0:45:02]} 15. g3
{[%clk 0:45:10]} Bg4 {[%clk 0:36:44]} 16. Bg2 {[%clk 0:43:59]} Rab8
{[%clk 0:36:53]} 17. h3 {[%clk 0:39:33]} Bxf3 {[%clk 0:36:51]} 18. Bxf3
{[%clk 0:38:09]} a5 {[%clk 0:33:54]} 19. Kg2 {[%clk 0:35:36]} Nd8
{[%clk 0:27:10]} 20. Qa4 {[%clk 0:30:42]} Ne6 {[%clk 0:20:44]} 21. Qc6
{[%clk 0:28:59]} Qd8 {[%clk 0:09:06]} 22. e5 {[%clk 0:23:10]} Qe8
{[%clk 0:07:47]} 23. Qc4 {[%clk 0:20:35]} Qc8 {[%clk 0:06:20]} 24. Kh2
{[%clk 0:13:42]} Ng5 {[%clk 0:05:47]} 25. Bg2 {[%clk 0:12:59]} Re8
{[%clk 0:04:17]} 26. h4 {[%clk 0:09:52]} Ne6 {[%clk 0:04:44]} 27. Bh3
{[%clk 0:10:27]} Qb7 {[%clk 0:04:25]} 28. exd6 {[%clk 0:07:48]} b5
{[%clk 0:04:55]} 29. dxc7 {[%clk 0:04:44]} Nxc7 {[%clk 0:02:41]} 30. Qc5
{[%clk 0:03:36]} Rxe1 {[%clk 0:02:15]} 31. Rxe1 {[%clk 0:03:59]} Qb6
{[%clk 0:02:10]} 32. Qf5 {[%clk 0:03:23]} Qd6 {[%clk 0:02:09]} 33. Bg2
{[%clk 0:02:42]} g6 {[%clk 0:01:24]} 34. Qd3 {[%clk 0:02:13]} h5 {[%clk 0:01:23]}
35. Re5 {[%clk 0:02:13]} Rd8 {[%clk 0:01:29]} 36. Re4 {[%clk 0:01:05]} Nd5
{[%clk 0:01:47]} 37. Re5 {[%clk 0:01:14]} Nc7 {[%clk 0:01:40]} 38. Re4
{[%clk 0:00:36]} Nd5 {[%clk 0:02:01]} 39. Re2 {[%clk 0:00:47]} Nc7
{[%clk 0:02:00]} 40. Rd2 {[%clk 0:00:41]} Rb8 {[%clk 0:00:42]} 41. Rc2
{[%clk 0:20:46]} Rd8 {[%clk 0:27:51]} 42. Rd2 {[%clk 0:15:23]} Rb8
{[%clk 0:27:39]} 43. d5 {[%clk 0:14:57]} Na6 {[%clk 0:26:42]} 44. Qd4
{[%clk 0:13:47]} Nc5 {[%clk 0:21:48]} 45. Rb2 {[%clk 0:13:15]} Nd7
{[%clk 0:15:15]} 46. Bf1 {[%clk 0:11:21]} b4 {[%clk 0:15:04]} 47. c4
{[%clk 0:09:40]} Nc5 {[%clk 0:14:07]} 48. Bd3 {[%clk 0:08:49]} a4
{[%clk 0:13:53]} 49. Bc2 {[%clk 0:08:38]} b3 {[%clk 0:05:18]} 50. axb3
{[%clk 0:08:41]} axb3 {[%clk 0:05:35]} 51. Bd1 {[%clk 0:08:27]} Re8
{[%clk 0:05:54]} 52. Bxb3 {[%clk 0:06:44]} Re4 {[%clk 0:06:17]} 53. Qd1
{[%clk 0:05:12]} Rxh4+ {[%clk 0:06:20]} 54. Kg2 {[%clk 0:06:01]} Re4
{[%clk 0:07:09]} 55. Ra2 {[%clk 0:05:28]} Qe5 {[%clk 0:04:32]} 56. Ra8+
{[%clk 0:05:01]} Kg7 {[%clk 0:04:25]} 57. Ra7 {[%clk 0:04:38]} Re2
{[%clk 0:03:43]} 58. Ra2 {[%clk 0:03:55]} Re1 {[%clk 0:03:10]} 59. Qf3
{[%clk 0:04:01]} Nxb3 {[%clk 0:01:25]} 60. Ra7 {[%clk 0:03:58]} Qe8
{[%clk 0:01:13]} 61. Rxf7+ {[%clk 0:02:34]} Kg8 {[%clk 0:00:39]} 62. Rf6
{[%clk 0:01:21]} Nd4 {[%clk 0:00:38]} 63. Qd3 {[%clk 0:01:15]} Nf5
{[%clk 0:00:40]} 64. d6 {[%clk 0:00:50]} Qa8+ {[%clk 0:00:38]} 65. Qd5+
{[%clk 0:00:34]} Qxd5+ {[%clk 0:00:59]} 66. cxd5 {[%clk 0:01:00]} Re5
{[%clk 0:00:36]} 67. Rxg6+ {[%clk 0:00:55]} Kf7 {[%clk 0:01:06]} 68. d7
{[%clk 0:00:43]} Rxd5 {[%clk 0:00:56]} 69. Rg5 {[%clk 0:00:58]} Ke7
{[%clk 0:00:38]} 70. f4 {[%clk 0:00:47]} Rd2+ {[%clk 0:00:34]} 71. Kf3
{[%clk 0:00:49]} Nd6 {[%clk 0:00:34]} 72. Rxh5 {[%clk 0:00:38]} Kxd7
{[%clk 0:00:51]} 73. Ra5 {[%clk 0:00:39]} Rd3+ {[%clk 0:01:08]} 74. Kg2
{[%clk 0:00:41]} Ne4 {[%clk 0:01:21]} 75. Ra7+ {[%clk 0:00:50]} Ke6
{[%clk 0:01:27]} 76. Rg7 {[%clk 0:01:14]} Kf6 {[%clk 0:01:16]} 77. Rg8
{[%clk 0:01:26]} Kf7 {[%clk 0:01:27]} 78. Rg4 {[%clk 0:01:35]} Ra3
{[%clk 0:01:39]} 79. f5 {[%clk 0:01:30]} Nd6 {[%clk 0:00:54]} 80. Rf4
{[%clk 0:01:41]} Kf6 {[%clk 0:01:14]} 81. g4 {[%clk 0:01:31]} Kg5
{[%clk 0:00:43]} 82. Rb4 {[%clk 0:01:25]} Rd3 {[%clk 0:00:47]} 83. Kf2
{[%clk 0:01:36]} Nf7 {[%clk 0:00:50]} 84. Ke2 {[%clk 0:01:30]} Rd7
{[%clk 0:00:59]} 85. Ke3 {[%clk 0:01:15]} Ne5 {[%clk 0:01:20]} 86. f6
{[%clk 0:01:13]} Nxg4+ {[%clk 0:01:08]} 87. Kf3 {[%clk 0:01:34]} Nxf6
{[%clk 0:01:08]} 88. Rb5+ {[%clk 0:02:00]} Kg6 {[%clk 0:01:13]} 89. Ra5
{[%clk 0:02:05]} Rd4 {[%clk 0:01:07]} 90. Ke3 {[%clk 0:02:30]} Rb4
{[%clk 0:01:22]} 91. Kd3 {[%clk 0:02:45]} Kf7 {[%clk 0:01:19]} 92. Kc3
{[%clk 0:03:05]} Rh4 {[%clk 0:01:38]} 93. Kd3 {[%clk 0:03:29]} Ke6
{[%clk 0:01:49]} 94. Ra6+ {[%clk 0:02:52]} Ke5 {[%clk 0:02:00]} 95. Ra5+
{[%clk 0:02:56]} Nd5 {[%clk 0:02:14]} 96. Ra8 {[%clk 0:03:21]} Rh3+
{[%clk 0:02:21]} 97. Ke2 {[%clk 0:03:26]} Nc3+ {[%clk 0:02:03]} 98. Kd2
{[%clk 0:03:47]} Kd4 {[%clk 0:01:27]} 99. Rd8+ {[%clk 0:04:09]} Nd5
{[%clk 0:01:47]} 100. Ke2 {[%clk 0:04:25]} Rh7 {[%clk 0:01:38]} 101. Kf3
{[%clk 0:04:41]} Rf7+ {[%clk 0:01:31]} 102. Ke2 {[%clk 0:04:56]} Re7+
{[%clk 0:01:30]} 103. Kd2 {[%clk 0:05:00]} Ke4 {[%clk 0:01:30]} 104. Rh8
{[%clk 0:03:54]} Rc7 {[%clk 0:01:17]} 105. Re8+ {[%clk 0:04:02]} Kd4
{[%clk 0:01:28]} 106. Rd8 {[%clk 0:04:24]} Rf7 {[%clk 0:01:12]} 107. Ke2
{[%clk 0:04:40]} Re7+ {[%clk 0:01:06]} 108. Kd2 {[%clk 0:04:58]} Ke4
{[%clk 0:01:17]} 109. Rh8 {[%clk 0:05:04]} Nf4 {[%clk 0:01:28]} 110. Kc3
{[%clk 0:05:09]} Rc7+ {[%clk 0:01:38]} 111. Kb4 {[%clk 0:05:22]} Kd4
{[%clk 0:01:28]} 112. Rd8+ {[%clk 0:05:45]} Nd5+ {[%clk 0:01:43]} 113. Kb3
{[%clk 0:05:32]} Rc5 {[%clk 0:01:55]} 114. Rh8 {[%clk 0:05:35]} Rb5+
{[%clk 0:02:09]} 115. Kc2 {[%clk 0:05:53]} Ne3+ {[%clk 0:02:25]} 116. Kc1
{[%clk 0:05:37]} Kc3 {[%clk 0:01:33]} 117. Rc8+ {[%clk 0:05:31]} Nc4
{[%clk 0:01:01]} 118. Rc7 {[%clk 0:05:33]} Rh5 {[%clk 0:00:59]} 119. Kd1
{[%clk 0:05:51]} Rh2 {[%clk 0:01:05]} 120. Ke1 {[%clk 0:06:06]} Kd4
{[%clk 0:01:15]} 121. Rd7+ {[%clk 0:06:27]} Ke4 {[%clk 0:01:25]} 122. Re7+
{[%clk 0:06:48]} Ne5 {[%clk 0:01:39]} 123. Kd1 {[%clk 0:06:52]} Kd4
{[%clk 0:01:47]} 124. Re8 {[%clk 0:07:03]} Nf3 {[%clk 0:01:47]} 125. Rd8+
{[%clk 0:07:21]} Kc3 {[%clk 0:02:04]} 126. Rc8+ {[%clk 0:07:43]} Kd3
{[%clk 0:02:18]} 127. Rd8+ {[%clk 0:08:05]} Nd4 {[%clk 0:02:35]} 128. Ke1
{[%clk 0:08:23]} Ke4 {[%clk 0:02:01]}  1/2-1/2